Ibadat [
| Main Author: | |
|---|---|
| Format: | Book |
| Published: |
Kuala Lumpur :
KD Production ,
19-
|
| Subjects: |
MARC
| LEADER | 00000cam a2200000 7i4500 | ||
|---|---|---|---|
| 001 | 0000002200 | ||
| 002 | 000002399 | ||
| 005 | 20080206.0 | ||
| 020 | |a 000002399 | ||
| 090 | 0 | 0 | |a 297.38 |b HAR |
| 100 | 0 | |a Haron Din | |
| 245 | 0 | 0 | |a Ibadat [ |h video recording] |c Prof.Dato Dr.Haron Din |
| 260 | |a Kuala Lumpur : |b KD Production , |c 19- | ||
| 300 | |a 1 Video recording VHS (60 minutes) : |b col.(PAL) | ||
| 500 | |a Library has 1 copy | ||
| 650 | 0 | 0 | |a Rites and ceremonies |
| 999 | |a 00088 |b VIDEO |c KOLEKSI AUDIO VIDEO |e PERPUSTAKAAN KOMUNITI PETALING JAYA | ||